000 00766nam a2200253 i 4500
001 12523
003 ES-MaACL
005 20230906150331.0
007 t|
008 961108s1996 sp ||||0| spa j
020 _a84-239-9236-5
040 _aM-BN
_bspa
_cM-BN
080 _a929:5/6(100)(038)
080 _a5/6(100)(038):929
100 1 _aAlfonseca, Manuel.
_919843
245 1 0 _aDiccionario Espasa, 1.000 grandes científicos /
_cManuel Alfonseca.
260 _aMadrid :
_bEspasa-Calpe,
_c[1996]
300 _aXXVI, 740 p :
_bil ;
_c18 cm.
490 1 _aEspasa de bolsillo
650 1 4 _aCientíficos-
_xBiografías-
_vDiccionarios.
_911004
830 0 _aEspasa de bolsillo
_9178673
852 _aES-MaACL
_jL-19812
_bR.126178
999 _c12523
_d12523